| 000 | 00528nam a2200133Ia 4500 | ||
|---|---|---|---|
| 008 | 171212s9999 xx 000 0 und d | ||
| 020 | _a9780987171825 | ||
| 100 | _aFitridge, Robert;Thompson, Matthew | ||
| 245 |
_cFitridge, Robert;Thompson, Matthew _aMechanisms of Vascular Disease _bA Reference Book for Vascular Specialists |
||
| 260 |
_bUniversity of Adelaide Press _c2011 |
||
| 650 | _aBlood vessels, Diseases; Blood vessels‚ Surgery | ||
| 650 | _aHealth Sciences | ||
| 856 | _uhttp://jstor.org/stable/10.20851/j.ctt1sq5w94 | ||
| 999 |
_c352937 _d352937 |
||